000
00286nam a2200109Ia 4500
008
210430s9999 xx 000 0 und d
082
_a
355.082 E121M
100
_a
Edward Mead Earle
_9
54652
245
_a
Makers of Modern Strategy
_c
Edward Mead Earle
300
_a
553
942
_c
BK
_2
ddc
999
_c
565492
_d
565492